000 01035nam a2200277 a 4500
001 ebr10416258
003 CaPaEBR
006 m u
007 cr cn|||||||||
008 101015s2006 ii a sb 001 0 eng d
020 _z9788183186209
040 _aCaPaEBR
_cCaPaEBR
035 _a(OCoLC)681543069
050 1 4 _aRM301.4
_b.J64 2006eb
100 1 _aJogdand, S. N.
245 1 0 _aBiopharmaceuticals
_h[electronic resource] /
_cS.N. Jogdand.
250 _a1st ed.
260 _aMumbai [India] :
_bHimalaya Pub. House,
_c2006.
300 _a277 p. :
_bill.
504 _aIncludes bibliographical references and index.
533 _aElectronic reproduction.
_bPalo Alto, Calif. :
_cebrary,
_d2010.
_nAvailable via World Wide Web.
_nAccess may be limited to ebrary affiliated libraries.
650 0 _aBiopharmaceutics.
655 7 _aElectronic books.
_2local
710 2 _aebrary, Inc.
856 4 0 _uhttp://site.ebrary.com/lib/rucke/Doc?id=10416258
_zAn electronic book accessible through the World Wide Web; click to view
999 _c84244
_d84244